Plantation white sugar manufacture /

Bibliographic Details
Main Author: Harloff, W. H. Th
Other Authors: Schmidt, H., Ogilvie, James P.
Format: Book
Language:English
Published: London : N. Rodger, 1913.
Subjects:

MARC

Tag First Indicator Second Indicator Subfields
LEADER 00000cam a2200000 4500
001 in00000726821
005 20151016071518.0
008 730102s1913 enk 00010 eng u
010 |a agr13001992  
035 |a (OCoLC)00527308 
035 |9 ADE5031AM 
040 |c KSU  |d TXA  |d UtOrBLW 
049 |a TXAM  |c 1 [A01111542], 2 [A11187650]  |a TXAS [dyks] 
050 0 0 |a TP377  |b .H3 
090 |a TP377  |b .H3 1913 
100 1 |a Harloff, W. H. Th. 
245 1 0 |a Plantation white sugar manufacture /  |c By W. H. Th. Harloff ... and H. Schmidt ... Tr. from the 2d rev. Dutch ed. by James P. Ogilvie. 
264 1 |a London :  |b N. Rodger,  |c 1913. 
300 |a vii, 135 pages, 3 unnumbered pages ;  |c 21 cm. 
336 |a text  |b txt  |2 rdacontent 
337 |a unmediated  |b n  |2 rdamedia 
338 |a volume  |b nc  |2 rdacarrier 
500 |a "Originally issued last year in Dutch under the title of 'Handleiding voor tropische witsuikerfabrikatie'."--Pref. 
650 0 |a Sugar  |x Manufacture and refining. 
700 1 |a Schmidt, H. 
700 1 |a Ogilvie, James P. 
999 |a MARS 
999 f f |s 212526fb-b803-31e9-9243-02535bb873ff  |i 042e75c3-5bae-352a-8b9e-951b6e354190  |t 0 
952 f f |p ric  |a Texas A&M University  |b Rellis Campus  |c Joint Library Facility  |d Remote Storage  |t 0  |e TP377 .H3  |h Library of Congress classification  |i unmediated -- volume  |m A14801111542 
952 f f |p noncirc  |a Texas A&M University  |b College Station  |c Cushing Memorial Library & Archives  |d Cushing: Dykes (Does not check out)  |t 0  |e TP377 .H3 1913  |h Library of Congress classification  |i unmediated -- volume  |m A14851938192 
998 f f |a TP377 .H3  |t 0  |l Remote Storage 
998 f f |a TP377 .H3 1913  |t 0  |l Cushing: Dykes (Does not check out)